000 00723nam a2200253 a 4500
005 20210219153521.0
008 991125n 000 0 u
035 _aUPN01000104602
100 _aStone, Brian J.
222 _aDIAGNOSTIQUE
245 _aVAlidation of a battery of preschool acreening tests for predicting special education placement
300 _a289-297
362 _a17, No. 4, 1992
505 _aAgosto 1993
653 0 _aDETECCION DE PRUEBAS
653 0 _aINDICADORES EDUCATIVOS
653 0 _aINDIOS AMERICANOS
653 0 _aMEDIDAS PREDICTIVAS
653 0 _aPRUEBAS DE VALIDACION
700 _aGridley, Betty
700 _atreloar, James
904 _aAC
_b042413
905 _aArticulo
999 _c78995
_d78995